000 00765 a2200277 4500
003 CBULib
005 20231016091209.0
008 231016b |||||||| |||| 00| 0 eng d
020 _a9780199680900
040 _bEnglish
_cCBULib
_erda
041 _aeng
050 _aQD 281.R5 Fle
100 _aFleming, Ian
245 _aPericyclic reactions
250 _aSecond edition
260 _bOxford University Press,
_c2015
_aOxford :
300 _aviii, 118 pages : illustrations
336 _2rdacontent
_aText |
337 _2rdamedia
_aUnmediated |
338 _2rdacarrier
_aVolume
490 _aOxford chemistry primers
650 0 _9849
_aRING FORMATION
650 0 _9851
_aADDITION REACTIONS
650 0 _9850
_aSTEREOCHEMISTRY
942 _2lcc
_c002
999 _c82961
_d82961